| 000 | 03203na a2200493 4500 | ||
|---|---|---|---|
| 001 | 19354 | ||
| 003 | MIRAKIL | ||
| 005 | 20181213155010.0 | ||
| 008 | 161214b tu 000 0 | ||
| 035 | _a19354 | ||
| 040 |
_aMilas _btur _cTR-AnCHP |
||
| 041 | _atur | ||
| 082 |
_aCHP 324.2372092 _bB29g 2002 |
||
| 090 | _aBROŞÜR 31 | ||
| 100 | _aBaykal, Deniz | ||
| 240 | _aGüzel günler göreceğiz | ||
| 245 |
_aGüzel günler göreceğiz _bTürkiye yol ayrımında ;Laik Cumhuriyeti ödünsüz koruyacağız ;Tarımda verim ve katma değeri arttıracağız ; Emeği yücelteceğiz, çalışanların haklarını koruyacağız ; Yönetimde ve iş yaşamında "ahlak ve dürüstlük" egemen kılınacaktır ; Hem ekonomi büyüyecek hem enflasyon inecek ; Eğitimi yeniden yapılandıracağız, eğitimde kalite ve fırsat eşitliğini sağlayacağız ; Doğu ve Güney Anadolu'yu huzur ve refah bölgesine dönüştüreceğiz ; Tüm yurttaşlarımızı sosyal güvenliğe kavuşturacağız _c[Deniz Baykal] |
||
| 260 |
_aAnkara _bCHP _c2002 |
||
| 300 |
_a9 dosya _brnkl. res. _c24 sm. |
||
| 490 | _aCumhuriyet Halk Partisi yayınları | ||
| 500 | _aBroşüler Sosyal adalet, Sosyal demokrasi, Sosyal devlet, Eğitim, Gençlik, İnsan hakları, Hukuk devleti, Ekonomik kalkınma politikaları, Doğu ve güneydoğu Anadolu, Tarım, İdeal yönetim, AB üyeliği ile ilgili CHP hedeflerini içermektedir] | ||
| 500 | _aBaşka yapıt adı: Şimdi CHP zamanı | ||
| 505 | _aTürkiye yol ayrımında -- Laik Cumhuriyeti ödünsüz koruyacağız -- Tarımda verim ve katma değeri arttıracağız - Emeği yücelteceğiz, çalışanların haklarını koruyacağız - Yönetimde ve iş yaşamında "ahlak ve dürüstlük" egemen kılınacaktır - Hem ekonomi büyüyecek hem enflasyon inecek - Eğitimi yeniden yapılandıracağız, eğitimde kalite ve fırsat eşitliğini sağlayacağız - Doğu ve Güney Anadolu'yu huzur ve refah bölgesine dönüştüreceğiz - Tüm yurttaşlarımızı sosyal güvenliğe kavuşturacağız | ||
| 600 |
_aBaykal, Deniz _xSeçim kampanyaları, 2002 _yBroşürler |
||
| 610 |
_aCHP _xSeçim kampanyaları, 2002 _yBroşürler |
||
| 610 |
_aCHP _xSiyaset ve yönetim _yBaykal dönemi |
||
| 651 |
_aTürkiye _xSiyaset ve yönetim _y2000-2005 |
||
| 657 | _aGüzel günler göreceğiz kampanyası | ||
| 657 | _aŞimdi CHP zamanı kampanyası | ||
| 710 | _aCHP | ||
| 740 | _aTüm yurttaşlarımızı sosyal güvenliğe kavuşturacağız | ||
| 740 | _aDoğu ve Güney Anadolu'yu huzur ve refah bölgesine dönüştüreceğiz | ||
| 740 | _aEğitimi yeniden yapılandıracağız, eğitimde kalite ve fırsat eşitliğini sağlayacağız | ||
| 740 | _aHem ekonomi büyüyecek hem enflasyon inecek | ||
| 740 | _aYönetimde ve iş yaşamında "ahlak ve dürüstlük" egemen kılınacaktır | ||
| 740 | _aEmeği yücelteceğiz, çalışanların haklarını koruyacağız | ||
| 740 | _aTarımda verim ve katma değeri arttıracağız | ||
| 740 | _aLaik Cumhuriyeti ödünsüz koruyacağız | ||
| 740 | _aTürkiye yol ayrımında | ||
| 740 | _aŞimdi CHP zamanı | ||
| 830 | _aCHP yayınları | ||
| 942 |
_2dcc _cBKS |
||
| 999 |
_c4562 _d4562 |
||